000 00417nam a2200181Ia 4500
001 16038
005 20260306170240.0
008 260306t2006||||xx |||||||||||||| ||und||
041 _aESP
082 _a346.52
_bV76
100 _aVitoria, Francisco de
_eAUT
245 0 _aContratos y usura
260 _c2006
300 _a326 páginas :
_c24 cm.
650 _aGEN
654 _aCDE
942 _cLIB
_dJUS
_fJUS
_2ddc
_n
999 _c16038
_d16038